00305nam a2200121Ia 4500008004100000041000800041082001200049100002100061245001700082260005100099300002400150365000900174240624s9999 xx 000 0 und d aeng a823 CAS aCASTANEDA CARLOS aEAGLE S GIFT c1991aNew delhibCentral News Agency Pvt. Ltd. a314 : p. : cm. ; 22 cb20